BIBLIOTECA

SENCICO

Océano Pocket Diccionario: Inglés/Español (Registro nro. 2866)

Detalles MARC
000 -LEADER
fixed length control field 00414nam a2200169Ia 4500
005 - DATE AND TIME OF LATEST TRANSACTION
control field 20251020182555.0
008 - FIXED-LENGTH DATA ELEMENTS--GENERAL INFORMATION
fixed length control field 200515s9999 xx 000 0 und d
082 ## - DEWEY DECIMAL CLASSIFICATION NUMBER
Classification number R/801.3=20/O28
110 ## - MAIN ENTRY--CORPORATE NAME
Corporate name or jurisdiction name as entry element Océano
245 #0 - TITLE STATEMENT
Title Océano Pocket Diccionario: Inglés/Español
260 ## - PUBLICATION, DISTRIBUTION, ETC.
Place of publication, distribution, etc. Barcelona
260 ## - PUBLICATION, DISTRIBUTION, ETC.
Date of publication, distribution, etc. 1992
520 ## - SUMMARY, ETC.
Summary, etc. Diccionario inglés - español
650 ## - SUBJECT ADDED ENTRY--TOPICAL TERM
Topical term or geographic name entry element DICCIONARIOS
650 ## - SUBJECT ADDED ENTRY--TOPICAL TERM
Topical term or geographic name entry element LIB
942 ## - ADDED ENTRY ELEMENTS (KOHA)
Koha item type Libros
Existencias
Fecha de la última vez que lo usaron Pago total Signatura topográfica completa Código de barras Precio efectivo desde Tipo de documento Estado perdido Estado dañado No es para préstamo Retirado Ubicación permanente Ubicación actual Fecha de adquisición
15/05/2020   R/801.3=20/O28 Bib-Lima15052866 15/05/2020 Libros         Biblioteca Central Lima Biblioteca Central Lima 15/05/2020